00775nam a2200181 a 450000500170000000800410001704000270005804100080008504400070009308200170010024501180011726000980023530000590033365000510039265000530044365000520049670000450054820161229113632.0161229s2014 ck a||||r|||| 00| 0 spa d aCO-BoIAVH cCO-BoIAVH 0 aspa ack04a304.25bC17c03aEl cambio climático y el fenómeno meteorológico "el niño" / ceditado por Héctor Fabio Aristizábal R. aSantiago de Cali (Colombia) : bCorporación Autónoma Regional del Valle del Cauca,c2014. a30 páginas : bilustraciones a color ; c21 x 14 cm.26aCambio climáticozValle del Cauca (Colombia)26aCalentamiento globalzValle del Cauca (Colombia)26aRecursos hídricoszValle del Cauca (Colombia)1 aAristizábal R., Héctor Fabioeeditor